书目信息 |
| 题名: |
立志言为本,修身行乃先
|
|
| 作者: | 万少芳 主编 | |
| 分册: | ||
| 出版信息: | 北京 北京燕山出版社 2021 |
|
| 页数: | 266页 | |
| 开本: | 24cm | |
| 丛书名: | 名师名校名校长书系 | |
| 单 册: | ||
| 中图分类: | G631 , G635.5 | |
| 科图分类: | ||
| 主题词: | 思想政治教育--班会--教案(教育)--中小学 | |
| 电子资源: | ||
| ISBN: | 978-7-5402-6270-9 | |
| 000 | 01060nam0 2200265 450 | |
| 001 | 012001000460 | |
| 005 | 20141201143603.0 | |
| 010 | @a978-7-5402-6270-9@dCNY68.00 | |
| 100 | @a20220905d2021 em y0chiy0110 ea | |
| 101 | 0 | @achi |
| 102 | @aCN@b110000 | |
| 105 | @ay z 000yy | |
| 106 | @ar | |
| 200 | 1 | @a立志言为本,修身行乃先@Ali zhi yan wei ben , xiu shen xing nai xian@e中小学思政主题班会课教育设计案例@f万少芳主编 |
| 210 | @a北京@c北京燕山出版社@d2021 | |
| 215 | @a266页@d24cm | |
| 225 | 1 | @a名师名校名校长书系 |
| 330 | @a本书收录了《归来》《中国力量——爱国主题班会》《疫情花开,立志成才》《只争朝夕,不负韶华》《感恩的心 感谢有你》《我的形象我做主》《告别拖延症》《我爱我的祖国》等中小学思政主题班会课教育设计案例。 | |
| 517 | 1 | @a中小学思政主题班会课教育设计案例@Azhong xiao xue si zheng zhu ti ban hui ke jiao yu she ji an li |
| 606 | 0 | @a思想政治教育@x班会@x教案(教育)@x中小学 |
| 690 | @aG631@v5 | |
| 690 | @aG635.5@v5 | |
| 701 | 0 | @a万少芳@Awan shao fang@4主编 |
| 801 | 0 | @aCN@bAHXH@c20221111 |
| 905 | @b1369375-9@dG631@e1438@f5 | |
| 立志言为本,修身行乃先:中小学思政主题班会课教育设计案例/万少芳主编.-北京:北京燕山出版社,2021 |
| 266页;24cm.-(名师名校名校长书系) |
| ISBN 978-7-5402-6270-9:CNY68.00 |
| 本书收录了《归来》《中国力量——爱国主题班会》《疫情花开,立志成才》《只争朝夕,不负韶华》《感恩的心 感谢有你》《我的形象我做主》《告别拖延症》《我爱我的祖国》等中小学思政主题班会课教育设计案例。 |
| ● |
| 相关链接 |
|
|
|
|
正题名:立志言为本,修身行乃先
索取号:G631/1438
 
预约/预借
| 序号 | 登录号 | 条形码 | 馆藏地/架位号 | 状态 | 备注 |
| 1 | 1369375 | 213693751 | 第一样本阅览室/ [索取号:G631/1438] | 在馆 | |
| 2 | 1369376 | 213693760 | 教育系资料室/ [索取号:G631/1438] | 在馆 | |
| 3 | 1369377 | 213693779 | 教育系资料室/ [索取号:G631/1438] | 在馆 | |
| 4 | 1369378 | 213693788 | 第四借阅区/ [索取号:G631/1438] | 在馆 | |
| 5 | 1369379 | 213693797 | 第四借阅区/ [索取号:G631/1438] | 在馆 |